000 00330nam a22001337a 4500
999 _c161574
_d161574
020 _a
082 _a
_b
100 _aVidyawati G Rajput
245 _aMangalesh dabral:
_bvyaktitva evam krititva/
_cby Vidyawati G Rajput.
260 _aNew Delhi:
_bAbhay Publications,
_c2011.
300 _a168p.
650 _a
942 _cBK